| 000 | 00400cam a2200169 i 4500 | ||
|---|---|---|---|
| 020 | _a0721643221 | ||
| 040 | _cDLC | ||
| 082 | 0 | 0 | _a512 SAU 1978 A030 Or. |
| 100 | 1 | _aGroza, Vivian Shaw. | |
| 245 | 1 | 0 | _aElementary algebra / |
| 250 | _a2d ed. | ||
| 260 |
_aPhiladelphia : _bSaunders, _c1978. |
||
| 300 |
_axvii, 598 p. ; _c27 cm. |
||
| 500 | _aIncludes index. | ||
| 650 | 0 | _aAlgebra. | |
| 942 | _cEK | ||
| 999 |
_c11655 _d11655 |
||